000
00185nam a2200073Ia 4500
008
170524s9999 xx 000 0 und d
100
_a
SUKHPAL- SINGH
245
0
_a
RURAL MARKETING MANAGEMENT
260
_b
VIKAS PUB.HOUSE
999
_c
7888
_d
7888